[Event "Regionalliga Sued-West 1819"]
[Site "Bayern"]
[Date "2019.01.20"]
[Round "5.7"]
[White "Osten, David"]
[Black "Zellweger, Wilfried"]
[Result "0-1"]
[WhiteElo "1946"]
[BlackElo "1888"]
[PlyCount "64"]
[EventDate "2018.10.21"]
[EventType "team-tourn"]
[EventRounds "9"]
[EventCountry "GER"]
[SourceTitle "EXT 2022"]
[Source "ChessBase"]
[SourceDate "2021.10.06"]
[SourceVersion "1"]
[SourceVersionDate "2021.10.06"]
[SourceQuality "1"]
[WhiteTeam "Garching III"]
[BlackTeam "Tuerkheim/Bad Woerishofen"]
[WhiteTeamCountry "GER"]
[BlackTeamCountry "GER"]

1. e4 d5 2. exd5 Nf6 3. d4 Nxd5 4. c4 Nb6 5. Nc3 e5 6. d5 c6 7. Qh5 Bd6 8. Nf3 g6 9. Qh6 Bf8 10. Qe3 Bg7 11. d6 0-0 12. c5 Nd5 13. Nxd5 cxd5 14. a3 Nc6 15. h4 d4 16. Qd2 e4 17. Ng5 h6 18. Nxf7 Kxf7 19. Bc4+ Be6 20. Qf4+ Qf6 21. Bxe6+ Kxe6 22. Qxe4+ Qe5 23. Qxe5+ Nxe5 24. 0-0 Nd3 25. b4 b6 26. Ra2 bxc5 27. bxc5 Nxc5 28. a4 Kxd6 29. Rc2 Kd5 30. Ba3 Rfc8 31. Rfc1 Bf8 32. Kh2 Rc6 0-1

[Event "Regionalliga Sued-West 1819"]
[Site "Bayern"]
[Date "2018.11.11"]
[Round "2.6"]
[White "Osten, David"]
[Black "Wesely, Wolfgang"]
[Result "1/2-1/2"]
[WhiteElo "1946"]
[BlackElo "1970"]
[PlyCount "98"]
[EventDate "2018.10.21"]
[EventType "team-tourn"]
[EventRounds "9"]
[EventCountry "GER"]
[SourceTitle "EXT 2022"]
[Source "ChessBase"]
[SourceDate "2021.10.06"]
[SourceVersion "1"]
[SourceVersionDate "2021.10.06"]
[SourceQuality "1"]
[WhiteTeam "Garching III"]
[BlackTeam "Altstadt Roter Turm"]
[WhiteTeamCountry "GER"]
[BlackTeamCountry "GER"]

1. e4 e6 2. d4 d5 3. Nc3 dxe4 4. Nxe4 Nd7 5. Nf3 Ngf6 6. Ng3 c5 7. c3 Be7 8. Bd3 b6 9. 0-0 0-0 10. Qe2 Bb7 11. Rd1 Qc7 12. Bg5 h6 13. Be3 Nd5 14. Qd2 cxd4 15. Bxd4 Bf6 16. Bc2 Bxd4 17. Nxd4 N7f6 18. f3 Qf4 19. Ne4 Qxd2 20. Rxd2 Nxe4 21. Bxe4 Rab8 22. Kf2 Nf6 23. Bxb7 Rxb7 24. Rad1 Rd7 25. Nc6 Rc7 26. Ne5 g6 27. Rd6 Rfc8 28. c4 Rc5 29. Rd8+ Rxd8 30. Rxd8+ Kg7 31. f4 g5 32. g3 gxf4 33. gxf4 Nh5 34. Ke3 f6 35. b4 Rc7 36. Rd7+ Rxd7 37. Nxd7 Kf7 38. Nb8 Ke8 39. b5 Kd8 40. Nc6+ Kc7 41. Nxa7 Kd6 42. Nc8+ Kc5 43. a4 Ng7 44. Kd3 Nh5 45. Ke4 Ng7 46. Na7 Ne8 47. Nc8 Ng7 48. h3 Ne8 49. Kd3 Ng7 1/2-1/2

[Event "Regionalliga Sued-West 1718"]
[Site "Bayern"]
[Date "2018.01.21"]
[Round "5.6"]
[White "Osten, David"]
[Black "Loos, Stephan"]
[Result "1/2-1/2"]
[WhiteElo "1966"]
[BlackElo "2026"]
[PlyCount "114"]
[EventDate "2017.10.22"]
[EventType "team-tourn"]
[EventRounds "9"]
[EventCountry "GER"]
[SourceTitle "EXT 2022"]
[Source "ChessBase"]
[SourceDate "2021.10.06"]
[SourceVersion "1"]
[SourceVersionDate "2021.10.06"]
[SourceQuality "1"]
[WhiteTeam "Garching III"]
[BlackTeam "Muenchen FC Bayern"]
[WhiteTeamCountry "GER"]
[BlackTeamCountry "GER"]

1. e4 g6 2. Bc4 Bg7 3. Qf3 e6 4. Nc3 Nc6 5. Bb3 b6 6. d3 Bb7 7. h4 Nf6 8. Qg3 Nd4 9. Bd2 d5 10. f3 Nh5 11. Qf2 dxe4 12. fxe4 Nxb3 13. axb3 Bd4 14. Qf3 Qf6 15. Nge2 Qxf3 16. gxf3 Bg7 17. Nb5 Kd7 18. Bc3 Bxc3+ 19. bxc3 a5 20. Kd2 Ba6 21. c4 Rhd8 22. Ke3 c6 23. Nbc3 Kc7 24. c5 Bb5 25. cxb6+ Kxb6 26. Na4+ Kc7 27. Ra3 Ra7 28. Nb2 c5 29. Nc3 Kc6 30. Rha1 Rda8 31. Nb1 Kd6 32. Nd2 e5 33. Ndc4+ Bxc4 34. Nxc4+ Ke6 35. Rxa5 Rxa5 36. Rxa5 Rxa5 37. Nxa5 Nf4 38. Nb7 Ng2+ 39. Kf2 Nxh4 40. Nxc5+ Kd6 41. b4 g5 42. Nb3 Ng6 43. c4 Nf4 44. c5+ Kc6 45. d4 exd4 46. Nxd4+ Kc7 47. Ke3 h5 48. Nf5 Ng6 49. Kd4 h4 50. e5 h3 51. Ng3 Kc6 52. Ke4 Ne7 53. Kd4 Kb5 54. e6 Nc6+ 55. Kd5 Nxb4+ 56. Kd6 fxe6 57. Kxe6 Nd3 1/2-1/2

[Event "Berlin Lichtenberger op 13th"]
[Site "Berlin"]
[Date "2014.08.20"]
[Round "5"]
[White "Osten, David"]
[Black "Petersen, Soren Boeck"]
[Result "1/2-1/2"]
[WhiteElo "1733"]
[BlackElo "2256"]
[PlyCount "100"]
[EventDate "2014.08.16"]
[EventType "swiss"]
[EventRounds "9"]
[EventCountry "GER"]
[SourceTitle "CBM 161 Extra"]
[Source "ChessBase"]
[SourceDate "2014.08.29"]
[SourceVersion "1"]
[SourceVersionDate "2014.08.29"]
[SourceQuality "1"]

1. e4 e6 2. d4 d5 3. Nc3 Bb4 4. e5 c5 5. a3 Bxc3+ 6. bxc3 Qc7 7. Qg4 f5 8. Qg3 cxd4 9. cxd4 Ne7 10. Bb5+ Bd7 11. Bxd7+ Nxd7 12. Bg5 Nc6 13. Ne2 0-0 14. 0-0 Rf7 15. c4 Nb6 16. c5 Nc4 17. Rfd1 b6 18. cxb6 axb6 19. Nc3 Qd7 20. a4 Ra5 21. Nb5 Rf8 22. Qb3 Rfa8 23. Bd2 Nxd2 24. Rxd2 Nxe5 25. Nc3 Nc4 26. Re2 b5 27. Rea2 bxa4 28. Rxa4 Rxa4 29. Rxa4 Rxa4 30. Qxa4 Qxa4 31. Nxa4 e5 32. dxe5 Nxe5 33. f4 Ng4 34. h3 Nf6 35. Kf2 Kf7 36. Ke3 Ke6 37. Nc3 Kd6 38. Kd4 Ke6 39. Ke3 g6 40. Kd4 h6 41. h4 Nh5 42. Nxd5 Kd6 43. Kc4 Ng3 44. Nc3 Nh5 45. Nd5 Ng7 46. Ne3 Ne6 47. h5 Nxf4 48. hxg6 Nxg6 49. Nxf5+ Ke5 50. Nxh6 Kf4 1/2-1/2

[Event "Berlin Lichtenberger op 13th"]
[Site "Berlin"]
[Date "2014.08.19"]
[Round "4"]
[White "Krefenstein, Sergej"]
[Black "Osten, David"]
[Result "0-1"]
[WhiteElo "2094"]
[BlackElo "1733"]
[PlyCount "58"]
[EventDate "2014.08.16"]
[EventType "swiss"]
[EventRounds "9"]
[EventCountry "GER"]
[SourceTitle "CBM 161 Extra"]
[Source "ChessBase"]
[SourceDate "2014.08.29"]
[SourceVersion "1"]
[SourceVersionDate "2014.08.29"]
[SourceQuality "1"]

1. Nf3 Nf6 2. g3 c5 3. Bg2 g6 4. 0-0 Bg7 5. d3 d5 6. Nbd2 0-0 7. c4 e6 8. cxd5 exd5 9. Nb3 b6 10. d4 c4 11. Nbd2 Nc6 12. e3 b5 13. a4 b4 14. Ne5 Nxe5 15. dxe5 Ne4 16. Nxe4 dxe4 17. Bxe4 Rb8 18. f4 Bh3 19. Re1 Qxd1 20. Rxd1 Rfd8 21. Bd5 Bf8 22. Bf3 Rxd1+ 23. Bxd1 Bf5 24. Be2 c3 25. Kf1 Bc5 26. bxc3 bxc3 27. Bb5 c2 28. Bd2 a6 29. g4 Be4 0-1